Angry Birds Star Wars: Birds by Picture - Statistics

General Stats
  • This quiz has been taken 48 times
  • The average score is 9 of 10
Answer Stats
Picture Answer % Correct
Darth Vader
100%
Luke Skywalker
100%
Princess Leia
100%
R2-D2
100%
C-3PO
98%
Chewbacca
98%
Han Solo
95%
Obi-Wan Kenobi
95%
Lando Calrissian
88%
Blue Squadron
40%
No matching quizzes found
Score Distribution
Percent of People with Each Score
Percentile by Number Answered
Your Score History
You have not taken this quiz